| 000 | 00997nam a22003017a 4500 | ||
|---|---|---|---|
| 001 | 200461191 | ||
| 003 | TR-AnTOB | ||
| 005 | 20240625102334.0 | ||
| 008 | 240625b tu ||||| |||| 00| 0 tur d | ||
| 020 | _a9786059799003 | ||
| 040 |
_aTR-AnTOB _beng _erda _cTR-AnTOB |
||
| 041 | _atur | ||
| 092 |
_a813.42 _bKIR 2017 |
||
| 100 |
_aKırıkkanat, Mine G. _eauthor. _918849 |
||
| 245 |
_aBüyümek istemiyorum : _bLuka Can'ın harikalar güncesi / _cMine G.Kırıkkanat ; resimleyen : Oğuz Demir ; editör : Alkım Özalp |
||
| 250 | _a3. bs. | ||
| 260 |
_aİstanbul : _bKırmızı Kedi Yayınları ; _c2017. |
||
| 300 |
_a62 Pages. : _bill. ; _c19 cm. |
||
| 336 |
_atext _btxt _2rdacontent |
||
| 337 |
_aunmediated _bn _2rdamedia |
||
| 338 |
_avolume _bnc _2rdacarrier |
||
| 490 |
_aKırmızı Kedi Yayınları ; _v473 |
||
| 653 | _aÇocuklar için edebiyat | ||
| 700 | 1 |
_aDemir, Oğuz _eillustrator. _9122702 |
|
| 942 |
_2ddc _cBK |
||
| 999 |
_c200461191 _d79403 |
||